| 000 -CABECERA |
| fixed length control field |
02937nam a22003977a 4500 |
| 003 - IDENTIFICADOR DEL NÚMERO DE CONTROL |
| control field |
AR-CdUCM |
| 008 - DATOS DE LONGITUD FIJA--INFORMACIÓN GENERAL |
| fixed length control field |
190425b ||||| |||| 00| 0 spa d |
| 040 ## - FUENTE DE LA CATALOGACIÓN |
| Agencia/entidad que catalogó originalmente la obra |
MUNICIPALIDAD PROVINCIAL DEL CUSCO |
| Entidad que transcribió la catalogación |
BIBLIOTECA MUNICIPAL DEL CUSCO |
| 082 ## - NÚMERO DE LA CLASIFICACIÓN DECIMAL DEWEY |
| No. de Clasificación |
Rev.IAAC/N°3/1944 |
| 110 ## - ENTRADA PRINCIPAL--NOMBRE DE ENTIDAD CORPORATIVA |
| Nombre de la institución, jurisdicción como entrada principal |
Instituto Americano de Arte del Cuzco |
| 9 (RLIN) |
43770 |
| 245 ## - MENCIÓN DE TÍTULO |
| Título |
Revista del Instituto Americano de Arte : |
| Resto del título |
Publicación semestral / |
| 260 ## - PUBLICACIÓN, DISTRIBUCIÓN, ETC. |
| Lugar de publicación, distribución, etc. |
Cusco : |
| Nombre de la editorial, distribuidor, etc. |
Talleres gráficos La Económica, |
| Fecha de publicación, distribución, etc. |
1943. |
| 300 ## - DESCRIPCIÓN FÍSICA |
| Nº de Páginas Extensión |
160 [2] páginas. : |
| Otros detalles físicos |
ilustraciones ; |
| Dimensiones |
24 cm. |
| 440 ## - MENCIÓN DE SERIE/PUNTO DE ACCESO ADICIONAL--TÍTULO |
| Título |
Revista del Instituto Americano de Arte Cuzco. |
| Número de la parte/sección de una obra |
Año III, 1° semestre de 1944, N°3. Vol.I |
| 9 (RLIN) |
46113 |
| 505 ## - NOTA DE CONTENIDO CON FORMATO |
| Nota de contenido formateada |
Contenido: Tradiciones cuzqueñas. Luis Felipe Paredes. -- Un poeta cuzqueño. Alfredo Yépez Miranda. -- Documentos de la Historia del Cuzco. Ambrosio Morales O.P. -- Francisco Laso de la Vega. Enrique López Albújar. -- La Atlántida y el hombre Americano. Jorge Cornejo Bouroncle. -- Markanaka. Aurelio Martínez. -- Folklore Nacional calendario de fiestas populares del departamento del Cuzco. Víctor Navarro del Águila. -- La gran fiesta del Raymi. Luis A. Pardo. -- Garcilaso. añoranza. Rafael Aguilar. -- Motivos sinfónicos de la poesía Sur peruana. Emilio Vásquez. -- Génesis de los problemas filosóficos y su solución mítica. César Guardia Mayorga. -- El Cuzco en una mansión Argentina. Víctor M. Guillen. -- Cesáreo Bernaldo de Quirós y su solar agreste. Ana María Garasino. -- Arte y vida. Humberto Vidal. -- Una joya cuzqueña de valor incalculable. Manuel E. Cuadros. E. -- Malaco Kancha cuento andino. Humberto Pacheco. -- La sinceridad del pueblo cuzqueño. Roberto Barrionuevo. -- Ciro Alegría en el Mundo es Ancho y Ajeno. Martha Alicia Yépez de Fernán Zegarra. -- La república del Cuzco. Alcides F. estrada. -- Canto al Cuzco y sus piedras sagradas. Luis Nieto Miranda. -- A propósito del Folklore. Blanca A. Ladrón de Guevara. -- Cuzco panorámico. Domingo Velazco Astete. -- Galería de Arte cuzqueño. Julio Genaro Gutiérrez Loayza. -- Actividades del Instituto. Celebración del Día de Cuzco. -- El arte en la escuela. Roberto La Torre. |
| 650 ## - PUNTO DE ACCESO ADICIONAL DE MATERIA--TÉRMINO DE MATERIA |
| Descriptor |
Arte popular |
| 9 (RLIN) |
9558 |
| 650 ## - PUNTO DE ACCESO ADICIONAL DE MATERIA--TÉRMINO DE MATERIA |
| Descriptor |
Arte cusqueño |
| 9 (RLIN) |
13165 |
| 650 ## - PUNTO DE ACCESO ADICIONAL DE MATERIA--TÉRMINO DE MATERIA |
| Descriptor |
Historia del Cusco |
| 9 (RLIN) |
1714 |
| 650 ## - PUNTO DE ACCESO ADICIONAL DE MATERIA--TÉRMINO DE MATERIA |
| Descriptor |
Sairi Tupac |
| 9 (RLIN) |
46114 |
| 650 ## - PUNTO DE ACCESO ADICIONAL DE MATERIA--TÉRMINO DE MATERIA |
| Descriptor |
Felipe Tupac Amaru |
| 9 (RLIN) |
46115 |
| 650 ## - PUNTO DE ACCESO ADICIONAL DE MATERIA--TÉRMINO DE MATERIA |
| Descriptor |
Tradiciones cusqueñas |
| 9 (RLIN) |
31110 |
| 650 ## - PUNTO DE ACCESO ADICIONAL DE MATERIA--TÉRMINO DE MATERIA |
| Descriptor |
Fiestas populares |
| 9 (RLIN) |
34730 |
| 650 ## - PUNTO DE ACCESO ADICIONAL DE MATERIA--TÉRMINO DE MATERIA |
| Descriptor |
Inti Raymi |
| 9 (RLIN) |
9522 |
| 650 ## - PUNTO DE ACCESO ADICIONAL DE MATERIA--TÉRMINO DE MATERIA |
| Descriptor |
Folcklore |
| 9 (RLIN) |
46108 |
| 650 ## - PUNTO DE ACCESO ADICIONAL DE MATERIA--TÉRMINO DE MATERIA |
| Descriptor |
Literatura cusqueña |
| 9 (RLIN) |
46110 |
| 650 ## - PUNTO DE ACCESO ADICIONAL DE MATERIA--TÉRMINO DE MATERIA |
| Descriptor |
Poetas cusqueños |
| 9 (RLIN) |
5956 |
| 700 ## - PUNTO DE ACCESO ADICIONAL--NOMBRE DE PERSONA |
| Nombre Personal |
Yépez Miranda, Alfredo |
| 9 (RLIN) |
4230 |
| 700 ## - PUNTO DE ACCESO ADICIONAL--NOMBRE DE PERSONA |
| Nombre Personal |
López Albújar, Enrique |
| 9 (RLIN) |
6 |
| 700 ## - PUNTO DE ACCESO ADICIONAL--NOMBRE DE PERSONA |
| Nombre Personal |
Navarro del Águila, Víctor |
| 9 (RLIN) |
32360 |
| 700 ## - PUNTO DE ACCESO ADICIONAL--NOMBRE DE PERSONA |
| Nombre Personal |
Velasco Astete, Domingo |
| 9 (RLIN) |
31407 |
| 700 ## - PUNTO DE ACCESO ADICIONAL--NOMBRE DE PERSONA |
| Nombre Personal |
Vidal Unda, Humberto |
| 9 (RLIN) |
45978 |
| 700 ## - PUNTO DE ACCESO ADICIONAL--NOMBRE DE PERSONA |
| Nombre Personal |
Gutiérrez Loayza, Julio |
| 9 (RLIN) |
46116 |
| 700 ## - PUNTO DE ACCESO ADICIONAL--NOMBRE DE PERSONA |
| Nombre Personal |
Cornejo Bouroncle, Jorge |
| 9 (RLIN) |
15278 |
| 942 ## - ELEMENTOS DE PUNTO DE ACCESO ADICIONAL (KOHA) |
| Fuente de clasificación |
|
| Tipo de item |
Revistas cusqueñas |
| 945 ## - PROCESAMIENTO DE INFORMACIÓN LOCAL (OCLC) |
| Catalogador |
rac |